000 00567nam a2200157 a 4500
001 000041360
005 20201002034824.0
008 131001s2007 dr acd 000 0 spa d
040 _aDO-SdBNP
_bspa
_cBNPHU
100 1 _aVicente, Pablo
_968008
245 1 4 _aLas cañitas :
_borigen y perpectivas de desarrollo /
_cPablo Vicente.
246 1 4 _aBarrio las Cañita
_borigen y perpectivas de desarrollo
260 _aSanto Domingo :
_bDigdiag,
_c2007.
300 _a72 p. :
_bil.,gráf., retrs. ;
_c21 cm.
500 _aIncluye datos biográficos del autor en la contracubierta
999 _c40850
_d40850